Kukátko, op. 58 : Cyklus písní na slova soudobé dětské poesie : s průvodem klavíru : (1963) /

Main Author: Vignati, Miloš, 1897-1966
Other Authors: Branislav, František, 1900-1968, Houšť, Jan, 1920-, Sedláček, František, 1906-1977, Kratochvílová, Marie, 1900-1982, Trojanová, Věra, Florian, Miroslav, 1931-1996, Sedloň, Michal, 1919-1982, Kriebel, Zdeněk, 1911-1989
Language: Czech
Physical Description: 1 partitura (16 stran) ; 30 cm
Musical Score Musical Score
Saved in:
LEADER 02465ndm a2200541 i 4500
001 001774916
003 CZ BrMZK
005 20210208081035.0
008 201029s1963 xr sga f |||||||| cze d
031 |a 01  |b 01  |c 01  |d Něžně  |m V  |g G-2  |n bBEA  |o 3/8  |p =2/'8EEF/GGF/EFG/BBnA/  |t Panenka ze dřeva nikdy se nehněvá  |r E|b  |2 pe 
040 |a BOA001  |b cze  |e rda 
043 |a e-xr--- 
045 |a x-x- 
048 |b vn01  |a ka01 
072 7 |a 784  |x Vokální hudba  |2 Konspekt  |9 9 
080 |a 784.3/.7  |2 MRF 
080 |a 78.089.6  |2 MRF 
080 |a (0.032)78  |2 MRF 
100 1 |a Vignati, Miloš,  |d 1897-1966  |7 jz8001384  |4 cmp 
240 1 0 |a Kukátko,  |m zpěv, klavír,  |n op. 58 
245 1 0 |a Kukátko, op. 58 :  |b Cyklus písní na slova soudobé dětské poesie : s průvodem klavíru : (1963) /  |c Miloš Vignati 
264 0 |c 1963 
300 |a 1 partitura (16 stran) ;  |c 30 cm 
336 |a zápis hudby  |b ntm  |2 rdacontent 
337 |a bez média  |b n  |2 rdamedia 
338 |a svazek  |b nc  |2 rdacarrier 
340 |d Rukopis 
382 0 |b zpěv  |n 1  |a klavír  |n 1  |s 2 
383 |b op. 58 
500 |a Xerokopie rukopisu 
505 |t Panenka ze dřeva /  |r (Fr. Branislav --)  |t Co píše péro /  |r (Jan Houšť) --  |t "Pilný" chlapec /  |r (Fr. Sedláček) --  |t Ospalý Jirka /  |r (M. Kratochvílová) --  |t Kos /  |r (V. Trojanová) --  |t Zima /  |r (Mir. Florián) --  |t Nůž a nůžky /  |r (Michal Sedloň) --  |t Pára /  |r (Michal Sedloň) --  |t Píseň o nákladním vlaku /  |r (Zd. Kriebel) --  |t Prázdninová příhoda Pepka Pecivála /  |t (Jana Moravcová) 
561 1 |a Provenience: Přerov, Archiv Miloše Vignatiho 
648 7 |a 20. století  |7 ch460558 
650 0 7 |a písně  |7 ph115979  |2 czenas 
655 7 |a partitury  |7 fd185981  |2 czenas 
655 7 |a hudební rukopisy  |7 fd278469  |2 czenas 
700 1 |a Branislav, František,  |d 1900-1968  |7 jk01012988  |4 lyr 
700 1 |a Houšť, Jan,  |d 1920-  |7 jk01042494  |4 lyr 
700 1 |a Sedláček, František,  |d 1906-1977  |7 jk01110478  |4 lyr 
700 1 |a Kratochvílová, Marie,  |d 1900-1982  |7 jk01063025  |4 lyr 
700 1 |a Trojanová, Věra  |7 xx0064654  |4 lyr 
700 1 |a Florian, Miroslav,  |d 1931-1996  |7 jk01031461  |4 lyr 
700 1 |a Sedloň, Michal,  |d 1919-1982  |7 jk01110587  |4 lyr 
700 1 |a Kriebel, Zdeněk,  |d 1911-1989  |7 jk01063328  |4 lyr 
910 |b RKPMus-1459.659 
990 |a MU 
991 |b 202102 
996 6 |b 2610854717  |c RKPMus-1459.659  |l Stud. starých tisků/4.patro  |r Sklad / do násl. otevíracího dne  |n 0  |p dar  |w 001843508  |u 000010  |a 1  |e BOA001  |j MZK50  |s P